| 000 | 00380 a2200133 4500 | ||
|---|---|---|---|
| 001 | 92374 | ||
| 082 | _aPR 2573 | ||
| 090 |
_c44343 _d44344 |
||
| 100 | _aHamza Nadeem; Prof Nadir Munir and Shuaib Salamat (Advisor) | ||
| 245 |
_aDevelopment of an Event Management Database System _n79 "A" Ec |
||
| 260 |
_aIslamabad _bNUST _c2015 |
||
| 300 | _ax,41p. | ||
| 500 | _aBE Project Report | ||
| 942 |
_aCAE NUST _kPR 2573 |
||
| 999 |
_c327447 _d327447 |
||